Départements français les plus jeunes - Statistiques

Statistiques générales
  • Ce quiz a été pris 51 fois
  • Le résultat moyen est 12 sur 16
Statistiques - réponses
Pourcentage/Nombre Département % Correct
552 476 Paris
91%
32,0 %/835 614 Nord
86%
476 631 Gironde
84%
34,9 %/582 366 Seine-Saint-Denis
84%
588 286 Bouches-du-Rhône
80%
31,6 %/447 256 Val-de-Marne
80%
34,3 % Val-d'Oise
80%
492 223 Hauts-de-Seine
77%
443 173 Loire-Atlantique
75%
31,9 %/464 580 Yvelines
75%
32,8 % Essonne
73%
31,9 %/604 088 Rhône
73%
32,7 %/470 259 Seine-et-Marne
73%
60,2 % Mayotte
66%
34,3 % La Réunion
57%
47,9 % Guyane
55%
Aucun quiz correspondant
Distribution des résultats
% des personnes avec chaque résultat
Percentile par nombre de réponses
Votre historique - résultats
Vous n’avez pas pris ce quiz